| 000 | 01390nam a2200301Ia 4500 | ||
|---|---|---|---|
| 005 | 20220316235319.0 | ||
| 008 | 121119s2000 ck a gr 000 j spa | ||
| 020 | _a9580426007 | ||
| 041 | 1 | _aspa | |
| 100 | 1 |
_aSharmat, Marjorie Weinman , _d1928- |
|
| 245 | 1 | 0 |
_aYo, el gran Fercho y la lista perdida _cMarjorie Weinman Sharmat ; traducción de Cristina Aparicio ; ilustrraciones de Marc Simont |
| 250 | _aOctava reimpresión | ||
| 264 | 1 |
_aBogotá _bNorma _c2000 |
|
| 300 |
_a55 páginas _bilustraciones _c19 cm. |
||
| 336 |
_atexto _btxt _2rdacontent |
||
| 337 |
_asin mediación _bn _2rdamedia |
||
| 338 |
_avolumen _bnc _2rdacarrier |
||
| 490 | 0 | _aTorre de papel : naranja | |
| 520 | 3 | _aNate el grande está sentado debajo de un árbol disfrutando de sus vacaciones con el barro, su perro. A continuación, su amigo Claudio viene junto con un caso que tiene que ser resuelto. Claudio ha perdido a su lista de compras y Nate the Great decide ayudar a encontrarla. Ven con él, paso a paso, para resolver el misterioso caso de la lista de desaparecidos! | |
| 650 | 1 | 4 |
_2LEMB _aDetectives _vCuentos |
| 650 | 1 | 4 |
_2LEMB _aLiteratura infantil estadounidense |
| 650 | 1 | 4 |
_2LEMB _aCuentos infantiles |
| 700 | 1 |
_aSimont, Marc _eilustrador _916522 |
|
| 700 | 1 |
_aAparicio, Cristina _etraductor _9117614 |
|
| 942 |
_2loc _cBKLIT |
||
| 040 |
_aCO-BoRNBP _bspa _erda _cCO-BoRNBP |
||
| 084 | _aC SHA3 | ||
| 999 |
_c577 _d577 |
||